000 00282nam a22001337a 4500
008 210528b ||||| |||| 00| 0 eng d
041 _aeng
080 _a617
082 _a617
100 _a5
101 _aKIR
245 _aPractice of Surgery
_cBallinger,W.F
942 _2udc
_cBK
999 _c57782
_d57782